[Event "CRO Team Cup 2019"]
[Site "Losinj"]
[Date "2019.05.15"]
[Round "1.1"]
[White "Saric, Ivan"]
[Black "Srbis, Jurica"]
[Result "1-0"]
[WhiteElo "2694"]
[BlackElo "2429"]
[Annotator "TA"]
[PlyCount "81"]
[EventDate "2019.05.15"]
[EventType "team-tourn"]
[EventCountry "CRO"]
[SourceTitle "playchess.com"]
[Source "ChessBase"]
[SourceQuality "1"]

{[%evp 19,81,8,10,0,79,31,40,31,48,15,23,20,7,17,6,18,20,18,31,17,17,26,113,113,116,116,121,118,119,120,126,121,170,153,156,137,207,152,164,158,170,170,216,222,489,479,472,456,553,553,590,566,12798,12794,5289,2554,29976,29977,29974,29975,29985,29986,29997,29998]} 1. e4 e5 2. Nf3 Nc6 3. Bb5 a6 4. Ba4 Nf6 5. O-O b5 6. Bb3 Bb7 7. Re1 Bc5 8. c3 d6 9. d4 Bb6 10. a4 O-O 11. Bg5 {C78: Ruy Lopez: Archangelsk and Möller Defences} Qe7 (11... exd4 $11 {remains equal.} 12. cxd4 h6 13. Bxf6 Qxf6) (11... h6 12. Bh4 Re8 13. Bd5 exd4 14. cxd4 g5 15. Nxg5 Nxd5 16. Nf3 Qd7 17. exd5 Nxd4 18. Rxe8+ Rxe8 19. Nxd4 Bxd4 20. Nc3 Bxc3 21. bxc3 {½-½ (30) Cheparinov,I (2715)-Hamitevici,V (2505) Batumi 2018}) 12. Bd5 Rab8 $146 ({Predecessor:} 12... h6 13. Bh4 Na5 14. b4 Nc6 15. axb5 axb5 16. Na3 g5 17. Bg3 Qd7 18. dxe5 Nxd5 19. Qxd5 {1-0 (19) Zetocha,C (2320)-Hegedus,G (2235) Szekszard 1994}) 13. axb5 {White is slightly better.} axb5 14. Nh4 {And now Nf5 would win.} exd4 15. Nf5 Qe5 16. Bxc6 $1 Bxc6 17. cxd4 Qe6 18. Nc3 b4 $1 {[%cal Rb4c3]} 19. d5 Qe5 $1 20. Qf3 $36 {[%mdl 2048] Hoping for Bf4. White fights for an advantage.} bxc3 (20... Bd7 $1 $11 {keeps the balance.} 21. Bf4 Qe8) 21. Bf4 $1 $16 {[%cal Rf4e5] [#]} Qxf5 $1 {[%mdl 512]} 22. exf5 cxb2 23. dxc6 bxa1=Q 24. Rxa1 Bd4 25. Rd1 Rfe8 {[#]} 26. g4 $1 Bc5 27. Rd2 Ne4 (27... h6 $16 {was worth a try.}) 28. Rc2 h6 {[#]} 29. Kg2 $1 Rb4 30. Re2 Kh7 31. f6 {Threatens to win with fxg7.} Nxf6 $2 (31... g6 {keeps fighting.} 32. Qh3 Nxf6 33. Rxe8 (33. Qxh6+ Kg8 $18) 33... Nxe8 34. Qxh6+ (34. Bxh6 Rc4 $18) 34... Kg8) 32. Rxe8 $18 Nxe8 33. Bd2 {[%mdl 64] Discovered Attack} Ra4 {Now ...Kg8 and Black clings on.} 34. Qxf7 Nf6 35. h3 Ne4 {[#]} 36. Bxh6 $1 {[%csl Gh6][%cal Rf7g7][%mdl 576] Pin} Bd4 (36... Kxh6 37. Qh5#) 37. Qf5+ g6 38. Qxe4 {White mates.} Kxh6 39. h4 Rb4 40. g5+ Kh5 41. Kh3 {Accuracy: White = 78%, Black = 27%.} 1-0

[Event "CRO Team Cup 2019"]
[Site "Losinj"]
[Date "2019.05.15"]
[Round "1.2"]
[White "Babic, Zvonko"]
[Black "Markus, Robert"]
[Result "0-1"]
[WhiteElo "2198"]
[BlackElo "2595"]
[Annotator "TA"]
[PlyCount "70"]
[EventDate "2019.05.15"]
[EventType "team-tourn"]
[EventCountry "CRO"]
[SourceTitle "playchess.com"]
[Source "ChessBase"]
[SourceQuality "1"]

{[%evp 18,92,62,20,66,28,10,21,30,-3,36,29,26,14,50,44,47,26,34,0,0,0,5,-25,-50,-70,-74,-101,-71,-231,-237,-274,-276,-261,-81,-96,-92,-279,-293,-389,-389,-389,-364,-364,-354,-322,-327,-387,-367,-754,-402,-504,-468,-438,-379,-377,-353,-628,-621,-611,-572,-827,-723,-825,-824,-784,-774,-749,-703,-29961,-29955,-29989,-29990,-29990,-29991,-29996,-29997]} 1. d4 Nf6 2. c4 g6 3. Nc3 Bg7 4. e4 d6 5. Nf3 O-O 6. Be2 Nbd7 7. O-O e5 8. Re1 c6 9. Bf1 Re8 10. Rb1 b6 {E95: King's Indian: Classical: 7...Nbd7 8 Re1} (10... a6 11. b4 exd4 12. Nxd4 Ne5 13. h3 b5 14. cxb5 cxb5 15. Bf4 Bb7 16. Nb3 Rc8 17. Rc1 Ba8 18. Na5 {½-½ (102) Le,Q (2702)-Grischuk,A (2785) Tromsoe 2013}) 11. h3 $146 ({Predecessor:} 11. b4 Bb7 12. Bg5 Qc7 13. Bh4 a6 14. Bg3 exd4 15. Nxd4 c5 16. bxc5 bxc5 17. Nc2 Nxe4 18. Nxe4 Bxe4 19. Bxd6 {½-½ (66) Tran,N (2179)-Nguyen,H (2060) Ho Chi Minh City 2013}) 11... exd4 12. Nxd4 Bb7 {The position is equal.} 13. Nb3 Qc7 14. Bf4 Ne5 15. Rc1 h6 16. Nd4 Rad8 17. Bh2 a6 18. Kh1 Qb8 19. Qc2 b5 20. f4 Nxc4 21. Bxc4 bxc4 22. e5 Nd7 {[%cal Rd6e5]} 23. e6 $2 (23. Nf3 $17) 23... Bxd4 $19 24. exd7 Rxd7 25. f5 Kh7 $2 (25... g5 $19 {is more deadly. Hoping for ...c5.} 26. Ne2 Rde7) 26. fxg6+ fxg6 {Threatens to win with ...c5.} 27. h4 $2 (27. Ne2 $17 Be5 28. Nf4) 27... c5 28. h5 Rg7 29. Ne4 Bxe4 30. Rxe4 Rxe4 31. Qxe4 Qxb2 32. hxg6+ Rxg6 33. Rb1 $2 (33. Rd1) 33... Qc3 34. Rb7+ Bg7 35. Bxd6 {[#]} Qa1+ {Played: Qc3-d4} 0-1

[Event "CRO Team Cup 2019"]
[Site "Losinj"]
[Date "2019.05.15"]
[Round "1.3"]
[White "Jovanic, Ognjen"]
[Black "Blagojevic, Marijan"]
[Result "1-0"]
[WhiteElo "2511"]
[BlackElo "2195"]
[Annotator "TA"]
[PlyCount "85"]
[EventDate "2019.05.15"]
[EventType "team-tourn"]
[EventCountry "CRO"]
[SourceTitle "playchess.com"]
[Source "ChessBase"]
[SourceQuality "1"]

{[%evp 18,85,31,30,51,38,54,43,54,39,72,70,102,101,93,58,108,58,176,163,183,199,164,155,146,146,243,235,237,222,222,211,287,251,348,339,317,337,337,328,385,385,475,443,435,377,968,968,1030,1010,1013,1038,936,827,813,680,1316,1318,1301,1191,1172,766,1225,0,1078,983,1165,859,1115,1100]} 1. d4 Nf6 2. c4 g6 3. Nc3 Bg7 4. e4 d6 5. h3 O-O 6. Bg5 Nbd7 7. Nf3 e5 8. d5 h6 9. Be3 Nc5 10. Nd2 Ne8 {E90: King's Indian: Classical: Early deviations and 6 h3} (10... a5 11. g4 Nfd7 12. Rg1 a4 13. a3 c6 14. Be2 Kh8 15. h4 Qxh4 16. Nf3 Qe7 17. Rh1 Kg8 18. Bxh6 Bxh6 19. Rxh6 {1-0 (41) Navara,D (2730)-Belyakov,B (2511) Minsk 2015}) 11. b4 Na6 12. a3 f5 {White must now prevent ...f4.White is slightly better.} 13. f3 $146 ({Predecessor:} 13. Nb3 Nf6 14. c5 Nb8 15. Rc1 Nxe4 16. Nxe4 fxe4 17. Nd2 Nd7 18. Nxe4 {1-0 (34) Barsov,A (2495)-Mirzoeva,E (2260) Abu Dhabi 2001}) 13... f4 14. Bf2 c5 {[#]} 15. dxc6 $1 bxc6 16. b5 $36 {[%mdl 2048] White has some pressure.} Qa5 17. Qc2 {Strongly threatening Nb3.} cxb5 ({Black should play} 17... Nc5 $1 $14) 18. cxb5 $18 Nc5 19. Nb3 Nxb3 20. Qxb3+ d5 21. Bc5 Rf7 (21... Be6 $16 {keeps fighting.}) 22. Bb4 ({Less strong is} 22. exd5 e4 $14) 22... Qd8 {[#]} 23. O-O-O $1 (23. Qxd5 Qh4+ 24. Kd1 Nc7 $14) 23... a5 24. bxa6 ({Resist} 24. Rxd5 $6 Qf6 $16) 24... Bxa6 {With the idea ...d4.} 25. Rxd5 ({Not} 25. Nxd5 Kh7 $16) 25... Qc8 26. Bxa6 Rxa6 27. Rhd1 Qe6 28. Kb2 Nc7 29. Rd6 Rxd6 30. Rxd6 Qe8 31. Nd5 Nb5 $2 (31... Kh7 32. Nxc7 Rxc7) 32. Nf6+ Bxf6 33. Rxf6 Nd4 34. Qxf7+ Qxf7 35. Rxf7 Kxf7 {[%mdl 4096] Endgame KB-KN} 36. Bc3 {Bxd4 is the strong threat.} Nc6 37. Kb3 Ke6 38. Kc4 Kd6 39. Bb4+ Ke6 40. Bc3 Kd6 $1 41. a4 {[%cal Ba3a4,Ba4a5][%mdl 32] White is clearly winning.} g5 42. a5 h5 43. Kb5 {Accuracy: White = 88%, Black = 29%.} 1-0

[Event "CRO Team Cup 2019"]
[Site "Losinj"]
[Date "2019.05.15"]
[Round "1.4"]
[White "Kovacevic, Veljko"]
[Black "Plenca, Jadranko"]
[Result "0-1"]
[WhiteElo "2183"]
[BlackElo "2468"]
[Annotator "TA"]
[PlyCount "86"]
[EventDate "2019.05.15"]
[EventType "team-tourn"]
[EventCountry "CRO"]
[SourceTitle "playchess.com"]
[Source "ChessBase"]
[SourceQuality "1"]

{[%evp 9,86,20,51,7,7,0,18,0,0,0,20,-4,13,12,0,-14,-10,-22,-24,-55,-13,-23,-14,-4,0,-10,-9,-42,-6,-20,-16,-34,-49,-113,-118,-108,-121,-139,-131,-142,-131,-170,-141,-164,-106,-96,-95,-95,-125,-262,-262,-266,-268,-249,-243,-284,-261,-256,-255,-295,-302,-402,-362,-341,-333,-340,-156,-167,-121,-485,-428,-452,-473,-1163,-1197,-29984,-1025,-29978,-29975]} 1. c4 Nf6 2. Nc3 e6 3. Nf3 Bb4 4. Qc2 d5 5. a3 Be7 6. cxd5 {A17: English Opening: 1...Nf6 with ...Bb4} (6. d4 O-O 7. Bg5 h6 8. Bh4 b6 9. cxd5 exd5 10. e3 Bb7 11. Bd3 Nbd7 12. O-O a6 13. Rad1 Ne8 14. Bg3 {1-0 (34) Werle,J (2556)-Haast,M (2381) Karlsruhe 2019}) 6... exd5 7. d4 O-O 8. e3 {The position is equal.} c6 $146 ({Predecessor:} 8... Nbd7 9. b4 a5 10. b5 Re8 11. Bd3 c5 12. bxc6 bxc6 13. O-O Ba6 14. Ne5 Nxe5 15. Bxa6 Rxa6 16. dxe5 {1-0 (37) Ragnarsson,D (2312)-Karason,A (2268) Reykjavik 2018}) 9. Bd3 Bd6 10. Ne5 Re8 11. f4 c5 12. O-O Nc6 13. Nb5 c4 14. Bf5 Bf8 15. Nc3 Ne7 16. Bxc8 Rxc8 17. Bd2 a6 18. Be1 b5 19. Rd1 Nd7 20. e4 Nb6 21. Nxf7 (21. Bh4 $15) 21... Kxf7 $17 22. e5 Kg8 23. f5 {Threatens to win with f6.} Nc6 $1 24. Kh1 Rc7 25. Bg3 Rb7 26. Qf2 Na4 (26... Rf7 $19 27. Qe2 Qg5) 27. Bh4 {[#]} Qd7 $1 28. e6 Qd6 29. Bg3 (29. g4 $17) 29... Qd8 $19 30. Bh4 Be7 31. Bxe7 Nxe7 ({Don't play} 31... Rbxe7 32. Rde1) 32. g4 Nxc3 33. bxc3 Rf8 34. Rde1 a5 35. Qe3 b4 36. axb4 axb4 37. cxb4 Rxb4 (37... Qb8 $19 {is more deadly.} 38. Rf2 Rxb4) 38. Qe5 $17 h6 {[#] ...Rb2 is the strong threat.} 39. h4 $2 {[%mdl 8192]} (39. g5 $1 $17 {[%mdl 512] was the crucial defense.} Nc6 (39... hxg5 40. f6) 40. e7 Nxe5 41. exd8=N Rxd8 42. Rxe5) 39... Qe8 40. Kg1 c3 41. Qg3 (41. Rc1 $142 Nc6 42. Qxd5 Rxd4 43. Qg2) 41... Rxd4 $19 42. Qe5 Rb4 (42... Rxg4+ $142 43. Kh1 Rxh4+ 44. Kg2 Rg4+ 45. Qg3 Rxg3+ 46. Kxg3 Nxf5+ 47. Kg2 Qg6+ 48. Kh1 Ng3+ {[%mdl 64] Double Attack, Discovered Attack} 49. Kh2 Nxf1+ 50. Rxf1 Rxf1 51. e7 Qg1+ 52. Kh3 Rf3+ 53. Kh4 Qg5#) 43. g5 Qh5 {Accuracy: White = 27%, Black = 55%.} 0-1

[Event "CRO Team Cup 2019"]
[Site "Losinj"]
[Date "2019.05.15"]
[Round "1.5"]
[White "Mufic, Goran"]
[Black "Kozul, Zdenko"]
[Result "0-1"]
[WhiteElo "2292"]
[BlackElo "2582"]
[Annotator "TA"]
[PlyCount "78"]
[EventDate "2019.05.15"]
[EventType "team-tourn"]
[EventCountry "CRO"]
[SourceTitle "playchess.com"]
[Source "ChessBase"]
[SourceQuality "1"]

{[%evp 17,78,1,15,18,16,17,16,-12,7,-18,-14,-18,-18,-20,-21,-39,-40,-38,-51,-60,-56,-50,-25,-20,-14,-66,-58,-62,-48,-48,-44,-53,-45,-51,-45,-52,-41,-86,-75,-97,0,-61,-65,-58,-58,-66,-60,-65,-66,-71,-49,-471,-490,-802,-792,-842,-826,-754,-745,-1376,-1350,-2063,-1845]} 1. d4 Nf6 2. Nf3 g6 3. Nbd2 Bg7 4. e4 d6 5. c3 O-O 6. Be2 c5 7. dxc5 dxc5 8. O-O Nc6 9. Qc2 Qc7 10. Nc4 {B07: Pirc Defence: Miscellaneous Systems} (10. Re1 b6 11. Nf1 Bb7 12. Ng3 Rad8 13. Be3 Ng4 14. Bd2 h5 15. Rad1 Nce5 16. h3 Nxf3+ 17. Bxf3 Ne5 18. Be2 {0-1 (52) Rublevsky,S (2676)-Mamedyarov,S (2752) Moscow 2007}) 10... h6 11. Re1 $146 ({Predecessor:} 11. a4 Be6 12. h3 Rfd8 13. Be3 b6 14. Rfe1 Rd7 15. Bf1 Rad8 16. Qc1 g5 17. Qc2 Nh7 18. Rad1 Nf8 19. Rxd7 Rxd7 20. Rd1 Ng6 21. Rxd7 {½-½ (21) Rodriguez,E (2289)-Becerra Rivero,J (2555) Sunrise 2012}) 11... Be6 12. g3 {The position is equal.} b5 13. Bf4 Qb7 14. Ncd2 c4 15. a4 a6 16. axb5 axb5 17. Nd4 Nxd4 18. cxd4 Rxa1 19. Rxa1 Bh3 20. Bf3 $1 Ra8 21. Rb1 ({White should try} 21. Qb1 $11) 21... Ra2 $15 22. Be5 Qa7 23. Bg2 Bxg2 24. Kxg2 Nd7 25. Bxg7 Kxg7 26. Qc3 $1 Qa5 27. Qe3 Qb4 28. d5 f6 (28... Qc5 $17 {aiming for ...Qxe3.} 29. Qc3+ Kg8) 29. Qd4 (29. Nf3 $1 $11) 29... Ne5 $36 {[%mdl 2048] Black is pushing.} 30. Nf3 Nd3 31. e5 fxe5 $1 32. Nxe5 Qc5 33. Qxc5 Nxc5 {[%mdl 4096] Endgame KRN-KRN} 34. Re1 $2 {[%mdl 8192] [#]} (34. Kf3 $1 $15) 34... Rxb2 $19 {Black is clearly winning.} 35. Nc6 (35. Rc1 $142 Rd2 36. h4) 35... c3 36. Nd4 Kf6 37. Re3 b4 {[%cal Bb5b4,Bb4b3][%mdl 32]} 38. h4 c2 39. Re1 b3 {Accuracy: White = 35%, Black = 82%.} 0-1

[Event "CRO Team Cup 2019"]
[Site "Losinj"]
[Date "2019.05.15"]
[Round "1.6"]
[White "Stevic, Hrvoje"]
[Black "Stojkovic, Andreja"]
[Result "1-0"]
[WhiteElo "2580"]
[BlackElo "1970"]
[Annotator "TA"]
[PlyCount "76"]
[EventDate "2019.05.15"]
[EventType "team-tourn"]
[EventCountry "CRO"]
[SourceTitle "playchess.com"]
[Source "ChessBase"]
[SourceQuality "1"]

{[%evp 17,76,4,33,9,25,25,15,20,52,46,53,49,49,35,64,36,35,38,34,23,41,37,36,41,38,46,43,42,45,40,47,37,62,59,60,56,69,67,117,72,70,66,63,62,69,57,91,42,43,62,43,18,117,124,870,870,848,863,789,755,748]} 1. e4 e5 2. Nf3 Nc6 3. Bc4 Nf6 4. d3 Bc5 5. c3 O-O 6. a4 a6 7. O-O d6 8. Bg5 h6 9. Bh4 Ba7 10. Re1 {C54: Giuoco Piano: 4 c3 Nf6, main lines with 5 d4 and 5 d3} (10. Na3 g5 11. Bg3 g4 12. Nh4 Nh5 13. Nc2 Qg5 14. Re1 Be6 15. Ne3 Bxe3 16. Rxe3 Bxc4 17. dxc4 Ne7 {1-0 (53) Aronian,L (2767)-Nakamura,H (2777) chess.com INT 2018}) 10... Bg4 $146 ({Predecessor:} 10... g5 11. Bg3 Nh7 12. Nbd2 Qf6 13. d4 h5 {0-1 (37) Firouzja,A (2607)-Vokhidov,S (2480) Makati 2018}) 11. h3 Be6 12. Na3 {The position is equal.} Na5 13. Ba2 Bxa2 14. Rxa2 Nc6 15. Nc2 Nb8 16. Ne3 Bxe3 17. Rxe3 Nbd7 18. d4 Qe7 19. b3 Rfe8 20. Rd2 Nf8 21. Bg3 Ng6 22. Nh4 Nxh4 23. Bxh4 g5 24. Bg3 Qe6 25. c4 Kg7 26. a5 Kg6 27. Bh2 Nh5 28. dxe5 dxe5 29. Red3 Nf4 30. Rd7 Rac8 $1 31. Qf3 h5 32. Rd1 Re7 33. Rxe7 Qxe7 34. g3 Nxh3+ (34... Ne6 $1 $11 {keeps the balance.}) 35. Kg2 $16 {aiming for Qf5+.} g4 $2 {[%mdl 8192]} (35... Qe6 $16) 36. Qf5+ $18 {[%mdl 64] [#] Double Attack. White is clearly winning.} Kg7 37. Qxc8 Ng5 38. Qd8 Qf6 {Accuracy: White = 65%, Black = 33%.} 1-0

[Event "CRO Team Cup 2019"]
[Site "Losinj"]
[Date "2019.05.15"]
[Round "1.7"]
[White "Zekic, Patrik"]
[Black "Palac, Mladen"]
[Result "0-1"]
[WhiteElo "1650"]
[BlackElo "2546"]
[Annotator "TA"]
[PlyCount "84"]
[EventDate "2019.05.15"]
[EventType "team-tourn"]
[EventCountry "CRO"]
[SourceTitle "playchess.com"]
[Source "ChessBase"]
[SourceQuality "1"]

{[%evp 13,84,-6,5,-16,-8,0,0,3,8,-5,0,0,0,0,0,0,0,0,0,-38,-38,-31,-43,-33,-39,-63,-43,-63,-47,-50,-39,-46,-23,-44,-26,-49,-27,-61,-35,-38,-50,-47,-29,-40,0,-40,-35,-145,-128,-267,-275,-260,-260,-303,-306,-291,-311,-290,-295,-562,-558,-539,-522,-666,-658,-656,-655,-627,-577,-561,-536,-608,-592]} 1. d4 Nf6 2. c4 e6 3. Nc3 Bb4 4. a3 Bxc3+ 5. bxc3 c5 6. Qc2 d6 7. Nf3 Nc6 8. e3 {E24: Nimzo-Indian: Sämisch: Unusual Black 5th moves and 5...c5 sidelines} b6 9. Bd3 Ba6 $146 ({Predecessor:} 9... O-O 10. O-O e5 11. d5 Ne7 12. e4 Nh5 13. Ne1 g6 14. Bh6 Ng7 15. f4 f6 16. f5 Kh8 17. g4 g5 {0-1 (62) Jacobsen,H (1979)-Hjartarson,J (2541) Runavik 2016}) 10. e4 {The position is equal.} Nd7 11. Be3 Na5 12. Qe2 cxd4 13. cxd4 Rc8 {[%cal Ra6c4]} 14. Nd2 O-O 15. O-O e5 16. f4 exd4 17. Bxd4 Nc5 18. Bxc5 Rxc5 19. Rac1 Qe7 20. Rc2 Rfc8 21. Rfc1 f6 22. Qf1 R8c7 23. Qf3 Qf7 24. Qe2 Qe6 25. h3 Qe7 26. Qf3 Bc8 27. Qe2 Bd7 28. Rc3 b5 29. e5 {aiming for Ne4.} d5 {And now ...fxe5 would win.} 30. exf6 ({Better is} 30. Qh5 $15 f5 31. Bxf5) 30... Qxf6 31. Qe5 (31. Bc2 $17 {was called for.}) 31... Qxe5 $19 ({Less strong is} 31... dxc4 32. Qxf6 (32. Qe4 $2 Qb6 $19) 32... gxf6 33. Ne4 $17) 32. fxe5 dxc4 33. Nf3 Bc6 34. e6 Bxf3 35. gxf3 Kf8 36. Bxh7 $2 {[#]} (36. Kf2 Nb3 37. Re1) 36... g6 $1 {[%mdl 512] Black is clearly winning.} 37. Rd1 (37. Bxg6 Rg7) 37... Nc6 ({Not} 37... Rxh7 38. Rd8+ Ke7 39. Rd7+ Kxe6 40. Rxh7 $11) 38. Rd7 Rxd7 39. exd7 Kg7 (39... Rh5 $2 40. Re3 $19) 40. Bxg6 Rg5+ 41. Kf2 Rxg6 (41... Kxg6 $2 {[#]} 42. a4 $1 $19 {[%mdl 512]}) 42. Re3 Rd6 {Accuracy: White = 32%, Black = 49%.} 0-1

[Event "CRO Team Cup 2019"]
[Site "Losinj"]
[Date "2019.05.15"]
[Round "1.8"]
[White "Zelcic, Robert"]
[Black "Franolic-Kukina, Silvio"]
[Result "1-0"]
[WhiteElo "2516"]
[BlackElo "1368"]
[Annotator "TA"]
[PlyCount "85"]
[EventDate "2019.05.15"]
[EventType "team-tourn"]
[EventCountry "CRO"]
[SourceTitle "playchess.com"]
[Source "ChessBase"]
[SourceQuality "1"]

{[%evp 9,85,72,79,76,124,122,126,137,350,352,363,359,406,379,389,388,379,306,303,300,306,246,247,214,215,207,215,209,202,209,247,254,250,221,291,250,250,250,277,260,261,190,374,327,306,301,295,266,286,282,374,338,483,436,459,452,542,535,616,615,615,615,604,604,568,553,553,553,797,774,2491,2450,5641,5608,5514,4686,29987,29988]} 1. d4 Nf6 2. Nc3 g6 3. e4 d6 4. f4 Bg4 (4... Bg7 5. a3 Nc6 6. Nf3 O-O 7. Be2 d5 8. e5 Ne4 9. Bd3 f5 10. O-O e6 11. Be3 b6 12. Ng5 Nxg5 13. fxg5 {1-0 (46) Van Foreest,J (2612)-Fedoseev,V (2724) Wijk aan Zee 2019}) 5. Be2 Bxe2 6. Qxe2 {B09: Pirc Defence: Austrian Attack} Nc6 7. Nf3 $146 ({Predecessor:} 7. Be3 Bg7 8. Rd1 Qc8 9. e5 Ng4 10. h3 Nxe3 11. Qxe3 dxe5 12. fxe5 {1-0 (37) Martinello,C (2051)-Bertelli,A (1440) Formigine 2007}) 7... Bg7 8. d5 {White is better.} Nb4 $2 (8... Nb8 $16 {might work better.}) 9. Qb5+ $18 {[%mdl 64] [#] Double Attack} c6 10. Qxb4 cxd5 11. Nxd5 Nxd5 12. Qb5+ Qd7 13. Qxd7+ Kxd7 14. exd5 Rhc8 15. c3 Rxc3 16. bxc3 Bxc3+ 17. Ke2 Bxa1 18. Be3 Bg7 19. Rc1 b6 20. Bd4 Bh6 21. Ng5 e5 22. dxe6+ fxe6 23. h4 Bxg5 24. hxg5 {[%mdl 4096] Endgame KRB-KR} ({Not} 24. fxg5 e5 $16) 24... Rf8 25. Bf6 e5 $2 (25... h5 26. Kf3 Rc8) 26. Rh1 Rf7 27. fxe5 dxe5 28. Rh4 ({And not} 28. Bxe5 Re7 $11) 28... Kc6 29. Ke3 ({Stronger than} 29. Bxe5 Re7 $15) 29... a6 30. Re4 h6 (30... Kd6 {is a better defense.} 31. Rxe5 Rc7) 31. Rxe5 hxg5 32. Re6+ Kb5 33. Bd4 Rf1 {...Re1+ is the strong threat.} 34. Rxb6+ Kc4 35. Rc6+ Kb4 36. Rxa6 Rg1 37. Kf2 Rd1 38. Be3 g4 39. Rxg6 g3+ 40. Kxg3 Rd3 41. Kf4 Ra3 42. Rb6+ Kc3 {[#]} 43. Rb3+ $1 {Accuracy: White = 84%, Black = 29%.} 1-0

[Event "CRO Team Cup 2019"]
[Site "Losinj"]
[Date "2019.05.15"]
[Round "1.9"]
[White "Martinovic, Sasa"]
[Black "Pecnik, Leo"]
[Result "1-0"]
[WhiteElo "2560"]
[BlackElo "2317"]
[Annotator "TA"]
[PlyCount "87"]
[EventDate "2019.05.15"]
[EventType "team-tourn"]
[EventCountry "CRO"]
[SourceTitle "playchess.com"]
[Source "ChessBase"]
[SourceQuality "1"]

{[%evp 20,87,29,34,25,18,36,32,66,70,81,63,71,64,83,71,125,129,192,200,169,163,227,170,194,164,171,163,167,170,164,158,190,132,195,132,168,161,168,0,146,141,348,359,341,363,359,352,340,345,383,331,349,333,418,386,482,483,474,412,564,564,561,528,561,541,534,534,454,390]} 1. d4 d5 2. c4 dxc4 3. e4 e5 4. Nf3 exd4 5. Bxc4 Nc6 6. O-O Be6 7. Bxe6 fxe6 8. Qb3 Qd7 9. Qxb7 Rb8 10. Qa6 Nf6 11. Nbd2 Bd6 {D20: Queen's Gambit Accepted: 3 e3 and 3 e4} (11... Bb4 12. Qd3 Bxd2 13. Bxd2 Rxb2 14. Rac1 O-O 15. Rc5 Rfb8 16. Rfc1 R8b6 17. h3 h6 18. a4 Ne8 19. Bc3 R2b3 {1-0 (48) Wojtaszek,R (2746)-Socko,B (2604) Czech Republic 2016}) 12. b3 O-O 13. Ba3 e5 {White is slightly better.} 14. Rac1 {Black must now prevent Bxd6.} Rb6 15. Qc4+ Kh8 {[#]} 16. Bc5 $1 {[%cal Rc5b6]} Na5 $146 ({Predecessor:} 16... Bxc5 17. Qxc5 Qd6 18. a3 a5 19. Ne1 {½-½ (26) Shishkin,V (2455)-Baltag,I (2397) Mersin 2017}) 17. Qd3 Nh5 (17... Qb5 $142 18. Qxb5 Rxb5 19. Bxd6 cxd6) 18. g3 $16 {And now Nxe5! would win.} Nb7 (18... Re8 $16) 19. Bxb6 $18 axb6 20. b4 Qg4 (20... Nd8 $142 21. Nc4 Nf7 22. Nxd6 cxd6) 21. Kh1 Nd8 22. a3 Ne6 23. Ng1 Qg6 24. Nc4 Nf6 25. f3 h5 26. Ne2 (26. Nxd6 $18 cxd6 27. Nh3) 26... h4 (26... b5 $16) 27. Rg1 (27. gxh4 $18 Nh5 28. Nxd6) 27... Qh7 28. gxh4 Qxh4 29. f4 $2 (29. Ng3 $18) 29... Nxf4 (29... exf4 $11 30. Qf3 (30. Nxd4 Nxd4 31. Nxd6 Ng4 $11) 30... Nd7) 30. Nxf4 $16 exf4 $2 {[#]} (30... Qxf4 $16 {is a better defense.} 31. Nxd6 cxd6) 31. e5 $1 $18 {[%cal Re5d6]} ({Inferior is} 31. Qxd4 Ng4 $15) 31... Ng4 32. Rxg4 $1 Qxg4 33. exd6 cxd6 34. Rg1 ({Not} 34. Nxb6 f3 $16) ({Don't take} 34. Nxd6 Qh5 $18) (34. Qxd4 $2 Qf3+ 35. Kg1 Rf6 $19) 34... Qc8 35. Qxd4 {[%csl Gg1][%cal Rd4g7]} Qb7+ 36. Rg2 f3 37. Rf2 Rc8 {intending ...b5.} 38. h3 Qe7 {Strongly threatening ...Qe1+.} 39. Ne3 Qg5 {aiming for ...Rc1+.} 40. Rxf3 {White is clearly winning.} Rc1+ 41. Rf1 Rxf1+ 42. Nxf1 Qc1 43. Kg2 Qxa3 44. Ne3 {Accuracy: White = 76%, Black = 35%.} 1-0